| 000 | 00686nam a2200181Ia 4500 | ||
|---|---|---|---|
| 008 | 090124s9999 xx 000 0 und d | ||
| 082 |
_b5569 _a702 |
||
| 100 | _aरॉय एम.एन. | ||
| 245 | _a हिंदी राष्ट्रीयक्रांतीचे तत्वज्ञान | ||
| 250 | _a1 | ||
| 260 | _c1937 | ||
| 300 | _a76 | ||
| 600 | _aरॉय एम.एन. | ||
| 630 | _a हिंदी राष्ट्रीयक्रांतीचे तत्वज्ञान | ||
| 700 | _aरॉय एम.एन. | ||
| 730 | _a हिंदी राष्ट्रीयक्रांतीचे तत्वज्ञान | ||
| 942 | _cBOOK | ||
| 999 |
_c119510 _d119510 |
||